000 01131nas a2200397 4500
001 BR0701070
003 BR-BrBNA
005 20231205110615.0
007 ta
008 230509b bl.|||p| |||| 00| 00por d
040 _aBR-BrBNA
_bpor
_cBiblioteca Nacional de Agricultura
041 _a(Pt)
072 _aL02
100 1 _aRestle, J.
100 1 _aPacheco, P.S.
100 1 _aAlves Filho, D.C.
100 1 _aFreitas, A.K. de
100 1 _aNeumann, M.
100 1 _aBrondani, I.L.
100 1 _aPádua, J.T.
100 1 _aArboitte, M.Z.
245 1 _aSilagem de diferentes híbridos de milho para produção de novilhos superjovens
650 _aMILHO
650 _aGADO CHAROLÊS
650 _aGADO NELORE
650 _aSILAGEM
650 _aHÍBRIDO
650 _aNUTRIÇÃO ANIMAL
650 _aCONSUMO
650 _aCONDIÇÃO CORPORAL
650 _aGANHO DE PESO
650 _aCONVERSÃO ALIMENTAR
773 0 _tRevista Brasileira de Zootecnia (Brazil)
_xISSN 1516-3598
_g(Sep-Oct 2006), v. 35(5) p. 2066-2076
_wBR0701070
909 _a202311
_bLúcia
_c55
_dLúcia Elande
942 _2AGRIS
_n0
_cANA
999 _c188151
_d188151